000 01201nam a2200193Ia 4500
003 Ost
005 20260507075109.0
008 260507s9999||||xx |||||||||||||| ||und||
040 _cfsecg
041 _aara
082 _a330
100 _aعبد الرزاق، عادل عبد الرشيد
_eمؤلف
245 0 _aأطروحة ماجستير :
_bالادارة البيئية في الجمهورية اليمنية ومتطلبات تطويرها وتعزيزها /
_c عادل عبد الرشيد عبد الرزاق
260 _aصنعاء:
_bدار الكتاب,
_c2001
300 _a صفحة؛
_c22 سم
520 _aهذا الكتاب ا1- لادارة البيئية : مفهومها وعلاقاتها بالتنمية 2 - المشكلات البيئية الرئيسية في الجمهورية اليمنية وانعكاساتها على التنمية الاقتصادية والاجتماعية 3- الادارة البيئية في الجمهورية اليمنية وموقعها في الادارة البيئية العربية (نموذج جمهورية مصر العربية )النتائج والتوصيات
653 _aادارة البيئية
942 _cكتاب
999 _c42856
_d42856